Power vacuum tubes handbook / (Record no. 5465)

MARC details
000 -LEADER
fixed length control field 00771nac a22002411u 4500
010 ## - LIBRARY OF CONGRESS CONTROL NUMBER
LC control number 99021062
020 ## - INTERNATIONAL STANDARD BOOK NUMBER
International Standard Book Number 0849313457 (alk. paper)
035 ## - SYSTEM CONTROL NUMBER
System control number (DLC) 99021062
082 00 - DEWEY DECIMAL CLASSIFICATION NUMBER
Classification number 621.381512
Item number WHI
090 ## - LOCALLY ASSIGNED LC-TYPE CALL NUMBER (OCLC); LOCAL CALL NUMBER (OCLC)
-- 5465
-- 5465
100 ## - MAIN ENTRY--PERSONAL NAME
Personal name Whitaker, Jerry C.
245 10 - TITLE STATEMENT
Title Power vacuum tubes handbook /
Statement of responsibility, etc Jerry C. Whitaker.
250 ## - EDITION STATEMENT
Edition statement 2nd ed.
260 ## - PUBLICATION, DISTRIBUTION, ETC. (IMPRINT)
Place of publication, distribution, etc Boca Raton :
Name of publisher, distributor, etc CRC Press,c1999.
Date of publication, distribution, etc c1999.
300 ## - PHYSICAL DESCRIPTION
Extent xvi, 710 p. :
Other physical details ill. ;
Dimensions 25 cm.
440 #0 -
-- Electronics handbook series
500 ## - GENERAL NOTE
General note Distributer : Al Ahram.
504 ## - BIBLIOGRAPHY, ETC. NOTE
Bibliography, etc Includes bibliographical references and indexes.
511 ## - PARTICIPANT OR PERFORMER NOTE
Participant or performer note Catalogued By : Mahitab.
650 #0 - SUBJECT ADDED ENTRY--TOPICAL TERM
Topical term or geographic name as entry element Vacuum-tubes.
650 #0 - SUBJECT ADDED ENTRY--TOPICAL TERM
Topical term or geographic name as entry element Power electronics.
942 ## - ADDED ENTRY ELEMENTS (KOHA)
Item type Book - Borrowing
Call number prefix 621.381512WHI
Holdings
Withdrawn status Item status Damaged status Not for loan Home library Current library Shelving location Date acquired Source of acquisition Total Checkouts Full call number Barcode Date last seen Koha item type
        Central Library Central Library First floor 29/10/2007 Purchase   621.381512WHI 000006722 15/07/2025 Book - Borrowing